000 00953nam a2200265Ia 4500
003 OSt
005 20221005112444.0
006 a|||||r|||| 00| 0
007 ta
008 221004b |||||||| |||| 00| 0 pan d
020 _a9789352046614 (hbk)
_cINR 195.00
024 _a35514
037 _b1002, 13/11/2017, H.K. Prakashan
_cTextual
040 _aCRL
_cCRL
_bpan
041 _2pan
_apan
082 _aO153,3NJA,EK, Q7
100 _aਜਠੌਲ, ਜਗਮੇਲ ਸਿੰਘ, ਂਚ.
245 0 _aਏਹ ਕੇਹੀ ਜੱਨਤ
260 _aਚੰਡੀਗੜ
_bਲੋਕਗੀਤ ਪ੍ਰਕਾFਨ ਭਾਰਤ
_c2017
300 _a142ਪੰ
_ccm.
650 _a ਪੰਜਾਬੀ ਕਹਾਣੀ
650 _aਪੰਜਾਾਬੀ ਸਾਹਿਤ
942 _hO153,3NJA,EK, Q7
_cTEXL
_2cc
999 _c1024950
_d1024950